000 00659nam a2200193Ia 4500
003 GCL
008 140319s9999 xx 000 0 ara d
040 _aGCL /
_cGCL
082 0 4 _a833.01
_bم م
100 1 _aمصطفى ماهر
_vAnnotator
_@
…علق
245 1 0 _aمختارات من الادب القصصى الالمانى : العصر الوسيط /
_cمصطفى ماهر
700 1 _aمجموعة من المؤلفين
300 _a206 ص
490 _a
650 0 4 _aالادب العالمى المترجم
650 0 4 _aالقصص الالمانية
650 0 4 _aالادب الالمانى - تاريخ ونقد
942 _2ddc
_cBK
999 _c42385
_d42385